[Event "13th World University Championship - MEN"]
[Site "Katowice"]
[Date "2014.08.22"]
[Round "7"]
[White "Andriasian, Zaven"]
[Black "Batchuluun, Tsegmed"]
[Result "1/2-1/2"]
[LiveChessVersion "1.4.4"]
[BlackElo "2513"]
[WhiteElo "2628"]

1. e4  e5  2. Nf3  Nc6
 3. Bc4  Bc5  4. b4
 Bxb4  5. c3  Ba5
 6. d4  exd4  7. Qb3
 Qf6  8. O-O  Bb6
 9. e5  Qf5  10. Nxd4
 Nxd4  11. cxd4  Bxd4
 12. Nc3  b6  13. Nb5
 Bxa1  14. Nxc7+  Kd8
 15. Nxa8  Bd4  16. Qa3
 Nh6  17. Be3  Bxe3
 18. fxe3  Qe4  19. Qxa7
 Qxc4  20. Qxb6+  Ke7
 21. Qd6+  Kd8  22. Qb6+
 Ke7  23. Qd6+  Kd8
 24. Qb6+  1/2-1/2

[Event "13th World University Championship - MEN"]
[Site "Katowice"]
[Date "2014.08.22"]
[Round "7"]
[White "Tomczak, Jacek"]
[Black "Lou, Yiping"]
[Result "1-0"]
[LiveChessVersion "1.4.4"]
[BlackElo "2466"]
[WhiteElo "2562"]

1. e4  c6  2. d4  d5
 3. exd5  cxd5  4. c4
 Nf6  5. Nc3  Nc6
 6. Bg5  dxc4  7. Bxc4
 h6  8. Be3  e6 
9. Nf3  Bd6  10. O-O  O-O
 11. Re1  b6  12. Qd2
 Ng4  13. a3  Bb7
 14. h3  Nxe3  15. Qxe3
 Re8  16. Rad1  Bf8
 17. Qf4  Qb8  18. Qg4
 Qc8  19. Ne4  Be7
 20. Ng3  Bf8  21. Nh5
 Kh8  22. Rc1  a6
 23. Bd3  Qd7  24. Rxc6
 Qxc6  25. Ne5  Qxg2+
 26. Qxg2  Bxg2  27. Kxg2
 Kg8  28. Kf3  Rec8
 29. Rg1  g5  30. Nd7
 Rd8  31. Ndf6+  Kh8
 32. h4  Rxd4  33. Be4
 Rad8  34. hxg5  Rd1
 35. Rg3  hxg5  36. Rxg5
 Be7  37. Rg3  R1d2
 38. b3  Rb2  39. Kg2
 Ra2  40. a4  b5 
41. axb5  axb5  42. Bc6  Rf8
 43. Bxb5  Ra5  44. Bd3
 Ra3  45. Rg7  1-0

[Event "13th World University Championship - MEN"]
[Site "Katowice"]
[Date "2014.08.22"]
[Round "7"]
[White "Petrosyan, Tigran S."]
[Black "Belous, Vladimir"]
[Result "1/2-1/2"]
[LiveChessVersion "1.4.4"]
[BlackElo "2584"]
[WhiteElo "2421"]

1. e4  c5  2. Nf3  Nc6
 3. Bb5  e6  4. O-O
 Nge7  5. Re1  a6
 6. Bf1  d5  7. exd5
 Nxd5  8. d4  cxd4
 9. Nxd4  Bc5  10. Nxc6
 bxc6  11. c4  Qf6
 12. Qe2  Nf4  13. Qc2
 O-O  14. g3  Ng6
 15. Bg2  Ne5  16. Be3
 Bxe3  17. Rxe3  Rb8
 18. Rb3  Rxb3  19. Qxb3
 Ng4  20. Qc2  Qd4
 21. Qe2  Ne5  22. Nc3
 Nxc4  23. Rd1  Qc5
 24. Ne4  Qb5  25. Nc3
 Qc5  26. Ne4  Qb5
 27. Nc3  Qc5 1/2-1/2

[Event "13th World University Championship - MEN"]
[Site "Katowice"]
[Date "2014.08.22"]
[Round "7"]
[White "Klekowski, Maciej"]
[Black "Piorun, Kacper"]
[Result "1-0"]
[LiveChessVersion "1.4.4"]
[BlackElo "2560"]
[WhiteElo "2383"]

1. c4  e5  2. g3  Nf6
 3. Bg2  h6  4. Nf3
 e4  5. Nd4  d5 
6. cxd5  Qxd5  7. e3  c5
 8. Nc3  Qe5  9. Nde2
 Nc6  10. d3  exd3
 11. Qxd3  Nb4  12. Qb1
 c4  13. O-O  Be7
 14. b3  cxb3  15. axb3
 O-O  16. Bb2  Bf5
 17. e4  Bh7  18. Nf4
 Qc5  19. Qd1  Rad8
 20. Qe2  Rfe8  21. Rfc1
 Qb6  22. e5  Nd3
 23. Nxd3  Bxd3  24. Qf3
 Qxb3  25. exf6  Bxf6
 26. Qxb7  Qxb7  27. Bxb7
 Rb8  28. Na4  Bg5
 29. Rc3  Bb5  30. Nc5
 Re2  31. Rb3  Bc4
 32. Rb4  Bd5  33. Bc3
 Bxb7  34. Nxb7  Rc2
 35. Nd6  Rxb4  36. Bxb4
 Be7  37. Rxa7  1-0

[Event "13th World University Championship - MEN"]
[Site "Katowice"]
[Date "2014.08.22"]
[Round "7"]
[White "Olszewski, Michal"]
[Black "Grandadam, Nicolas"]
[Result "1-0"]
[LiveChessVersion "1.4.4"]
[BlackElo "2307"]
[WhiteElo "2555"]

1. Nf3  d5  2. c4  e6
 3. d4  Nf6  4. Nc3
 Bb4  5. Qa4+  Nc6
 6. Bg5  h6  7. Bxf6
 Qxf6  8. e3  O-O
 9. Be2  dxc4  10. a3
 Bd6  11. Qxc4  Bd7
 12. O-O  e5  13. d5
 Ne7  14. Ne4  Qg6
 15. Nh4  Qh7  16. Nxd6
 cxd6  17. Qc7  Rad8
 18. Qxd6  Rfe8  19. Qb4
 e4  20. g3  Bc8 
21. Rfd1  g5  22. Ng2  Rxd5
 23. Rxd5  Nxd5  24. Qa5
 Qf5  25. Qxa7  Re6
 26. Qd4  Rf6  27. Rf1
 Be6  28. f3  exf3
 29. Bxf3  g4  30. e4
 Qg5  31. exd5  gxf3
 32. dxe6  1-0

[Event "13th World University Championship - MEN"]
[Site "Katowice"]
[Date "2014.08.22"]
[Round "7"]
[White "Tomazini, Zan"]
[Black "Nenezic, Marko"]
[Result "0-1"]
[LiveChessVersion "1.4.4"]
[BlackElo "2430"]
[WhiteElo "2371"]

1. e4  c5  2. Nf3  d6
 3. d4  cxd4  4. Nxd4
 Nf6  5. Nc3  a6 
6. Bc4  e6  7. Bb3  b5
 8. O-O  Be7  9. Qf3
 Qc7  10. Qg3  Nc6
 11. Nxc6  Qxc6  12. Rd1
 Bb7  13. f3  g5 
14. Be3  g4  15. Bd4  Rg8
 16. Bxf6  Bxf6  17. Rxd6
 Qc5+  18. Kh1  Be5
 19. Rd5  Bxd5  20. Qxe5
 gxf3  21. g3  Qf2
 22. Rg1  Bxb3  23. axb3
 O-O-O  24. Nxb5  axb5
 25. Qxb5  Rd2  26. Qc6+
 Kd8  27. Qa8+  Ke7
 28. Qb7+  Kf6  0-1

[Event "13th World University Championship - MEN"]
[Site "Katowice"]
[Date "2014.08.22"]
[Round "7"]
[White "Chen, Peng"]
[Black "Munkhgal, Gombosuren"]
[Result "1-0"]
[LiveChessVersion "1.4.4"]
[BlackElo "2418"]
[WhiteElo "2198"]

1. e4  e6  2. d4  d5
 3. Nd2  Be7  4. Ngf3
 Nf6  5. Bd3  c5 
6. dxc5  Nc6  7. exd5  exd5
 8. Nb3  Bg4  9. h3
 Bh5  10. O-O  O-O
 11. c3  a5  12. a4
 Ne4  13. Be3  Qc7
 14. Be2  Rfd8  15. Qc2
 Nb8  16. Nfd4  Bxe2
 17. Qxe2  Nxc5  18. Bf4
 Qd7  19. Nf5  Qxf5
 20. Qxe7  Nc6  21. Qxc5
 Qxf4  22. Rfd1  Qc4
 23. Qxc4  dxc4  24. Nc5
 f6  25. f4  Re8 
26. Re1 g5  27. Ne4  Kg7  28.
fxg5  fxg5  29. Nxg5  Re5
 30. Nf3  Rxe1+  31. Rxe1
 Rd8  32. Kf2  Rd5
 33. Re4  b5  34. Ke1
 Nd8  35. Re5  Rxe5+
 36. Nxe5  bxa4  37. Nxc4
 Nb7  38. Ke2  Kf6
 39. Ke3  h5  40. g3
 Nc5  41. Nxa5  Ke5
 42. Nc4+  Kd5  43. Nd2
 Ne6  44. g4  h4 
45. Nf3  Kc4  46. Kd2  Kb3
 47. Kc1  Nf4  48. Nd2+
 Ka2  49. g5  a3 
50. bxa3  Kxa3  51. Kc2  Ka4
 52. Nf3  Ne6  53. g6
 Ng7  54. Nxh4  Kb5
 55. Kd3  Kc5  56. Ke4
 Kc6  57. Nf5  Nh5
 58. Ke5  Kd7  59. g7
 1-0

[Event "13th World University Championship - MEN"]
[Site "Katowice"]
[Date "2014.08.22"]
[Round "7"]
[White "Stankovic, Milos"]
[Black "Garcia Guerrero, Isaac Antonio"]
[Result "1-0"]
[LiveChessVersion "1.4.4"]
[BlackElo "2300"]
[WhiteElo "2416"]

1. e4  c5  2. Nf3  g6
 3. d4  cxd4  4. Nxd4
 Nc6  5. c4  Nf6 
6. Nc3  d6  7. Be2  Nxd4
 8. Qxd4  Bg7  9. Be3
 O-O  10. Qd2  a5
 11. O-O  a4  12. Rac1
 Qa5  13. Rfd1  Be6
 14. f3  Rfc8  15. Nb5
 Qxd2  16. Rxd2  Nd7
 17. Nd4  Nc5  18. Rb1
 Na6  19. b3  axb3
 20. axb3  Nb4  21. Nxe6
 fxe6  22. f4  Bc3
 23. Bg4  Kf7  24. Rf2
 Rf8  25. f5  exf5
 26. exf5  Kg7  27. fxg6
 Rxf2  28. Bxf2  hxg6
 29. Bf3  Nc6  30. h4
 Nd4  31. Bd5  e6
 32. Be4  Ra3  33. b4
 b6  34. Rd1  e5 
35. b5  Ra2  36. Rd3  Rd2
 37. Rh3  Ne2+  38. Kf1
 Bd4  39. Be1  Ra2
 40. Rf3  Bc5  41. Bb1
 Rb2  42. Be4  Ra2
 43. Bb1  Rb2  44. Bd3
 Nf4  45. Rxf4  1-0

[Event "13th World University Championship - MEN"]
[Site "Katowice"]
[Date "2014.08.22"]
[Round "7"]
[White "Gergacz, Attila"]
[Black "Wyss, Jonas"]
[Result "0-1"]
[LiveChessVersion "1.4.4"]
[BlackElo "2276"]
[WhiteElo "2374"]

1. e4  e6  2. d4  d5
 3. Nd2  Nf6  4. e5
 Nfd7  5. Bd3  c5
 6. c3  Nc6  7. Ne2
 cxd4  8. cxd4  f6
 9. Nf4  Nxd4  10. Qh5+
 Ke7  11. Ng6+  hxg6
 12. exf6+  Kxf6  13. Qxh8
 Kf7  14. O-O  Nc5
 15. Bb1  e5  16. Nb3
 Ncxb3  17. axb3  Be6
 18. h4  Qf6  19. h5
 0-1

[Event "13th World University Championship - MEN"]
[Site "Katowice"]
[Date "2014.08.22"]
[Round "7"]
[White "Gloor, Roger"]
[Black "Spalir, Jernej"]
[Result "0-1"]
[LiveChessVersion "1.4.4"]
[BlackElo "2243"]
[WhiteElo "2364"]

1. c4  Nf6  2. Nf3  g6
 3. b3  Bg7  4. Bb2
 O-O  5. d4  c5 
6. d5  e6  7. dxe6  fxe6
 8. g3  d5  9. cxd5
 exd5  10. Bg2  Nc6
 11. O-O  a5  12. Nbd2
 Qe7  13. Rc1  Bf5
 14. Nh4  Be6  15. Qc2
 b6  16. e4  d4 
17. Nc4  Nb4  18. Qb1  Bh6
 19. Rce1  b5  20. Nb6
 Rab8  21. Nd5  Bxd5
 22. exd5  Qd7  23. Re5
 Nbxd5  24. Nxg6  hxg6
 25. Qxg6+  Bg7  26. Rfe1
 Rf7  27. Bc1  Ne7
 28. Qg5  c4  29. bxc4
 bxc4  30. Ba3  Nc6
 31. Re6  Nb4  32. Bh3
 Qd8  33. Bf5  c3
 34. Qg6  d3  35. Bxb4
 d2  36. Bxc3  dxe1=Q+
 37. Rxe1  Kf8  38. Be6
 Rfb7  39. Re3  Qe8
 40. Qg5  Rb1+  41. Kg2
 Qc6+  42. Kh3  R1b5
 43. Bf5  Qd5  44. Be5
 Re8  45. f4  Qf7
 46. Bg6  Qd7+  47. Bf5
 Qf7  48. Bg6  Qd7+
 49. g4  Qd2  50. Rd3
 Rbxe5  51. Rxd2  Rxg5
 52. fxg5  Re3+  53. Kh4
 Ne8  54. Rf2+  Kg8
 55. Bf7+  Kh8  56. Rd2
 Bc3  57. Rd8  Be1+
 58. Kh5  Kg7  59. g6
 Re5+  60. g5  Nf6#
 0-1

[Event "13th World University Championship - MEN"]
[Site "Katowice"]
[Date "2014.08.22"]
[Round "7"]
[White "Nuri, Kambez"]
[Black "Carlos Arriaga, Jesus Roberto"]
[Result "1-0"]
[LiveChessVersion "1.4.4"]
[BlackElo "2118"]
[WhiteElo "2322"]

1. e4  c6  2. Nf3  d5
 3. Nc3  Bg4  4. h3
 Bh5  5. Be2  e6 
6. O-O  Nf6  7. d3  Nbd7
 8. Bf4  Be7  9. Nd2
 Bxe2  10. Qxe2  Nc5
 11. Bg3  Qb6  12. Nd1
 O-O  13. e5  Ne8
 14. c3  Qa6  15. c4
 g6  16. Ne3  Nd7
 17. Ng4  h5  18. Ne3
 Ng7  19. Nf3  dxc4
 20. dxc4  Rfd8  21. Nd2
 Ne8  22. Rfd1  Qa5
 23. f4  Nc5  24. a3
 Rxd2  25. Qxd2  Qb6
 26. Bf2  Nb3  27. Qe2
 Bc5  28. Rab1  Ng7
 29. g4  hxg4  30. hxg4
 g5  31. fxg5  Nd4
 32. Qd3  Nf3+  33. Kg2
 Nxe5  34. Qe4  Ng6
 35. b4  Bxe3  36. Bxe3
 Qc7  37. Rd2  Rd8
 38. Rbd1  Rxd2+  39. Rxd2
 a5  40. Qd4  Kh7
 41. Qd6  Qxd6  42. Rxd6
 axb4  43. axb4  Ne5
 44. Rd4  b5  45. c5
 Nc4  46. Bc1  Kg6
 47. Rd8  Ne5  48. Kg3
 Nc4  49. Rc8  Ne5
 50. Bb2  Nd3  51. Bf6
 1-0

[Event "13th World University Championship - MEN"]
[Site "Katowice"]
[Date "2014.08.22"]
[Round "7"]
[White "Gaehler, Marco"]
[Black "Chettiar, Evasan"]
[Result "1-0"]
[LiveChessVersion "1.4.4"]
[BlackElo "1869"]
[WhiteElo "2315"]

1. e4  g6  2. d4  Bg7
 3. g3  d5  4. e5
 c5  5. c3  Nc6 
6. dxc5  Nxe5  7. Nf3  Nxf3+
 8. Qxf3  Nf6  9. Bg2
 O-O  10. O-O  Bf5
 11. Be3  e5  12. Qd1
 Qc7  13. Na3  Qd7
 14. Qb3  Bd3  15. Rfd1
 e4  16. h3  a5 
17. Rxd3  exd3  18. Rd1  a4
 19. Qb4  Rfe8  20. Rxd3
 Qf5  21. Rd1  Ne4
 22. Qxb7  Rab8  23. Qxd5
 Nxg3  24. Nc4  Ne2+
 25. Kh1  Be5  26. Qf3
 Qc2  27. Re1  Rbd8
 28. Nxe5  1-0

[Event "13th World University Championship - MEN"]
[Site "Katowice"]
[Date "2014.08.22"]
[Round "7"]
[White "Galmandakh, Badrakh"]
[Black "Mafanya, Kulasande"]
[Result "1-0"]
[LiveChessVersion "1.4.4"]
[BlackElo "1847"]
[WhiteElo "2264"]

1. c4  c5  2. b3  b6
 3. Bb2  Bb7  4. Nf3
 Nf6  5. g3  e6 
6. Bg2  Be7  7. O-O  O-O
 8. Nc3  d5  9. cxd5
 Nxd5  10. Qc2  Nc6
 11. Rac1  Rc8  12. Nxd5
 Qxd5  13. Ne5  Qd6
 14. Nc4  Qb8  15. Qe4
 Nd8  16. Qg4  f6
 17. f4  Bxg2  18. Kxg2
 Qb7+  19. Kg1  Rf7
 20. f5  e5  21. d3
 Bf8  22. Nd2  Rd7
 23. Qc4+  Qd5  24. Ne4
 Nf7  25. Qxd5  Rxd5
 26. Rc2  Rcd8  27. Kg2
 R5d7  28. Bc1  Nd6
 29. Nxd6  Rxd6  30. Be3
 Kf7  31. Kf3  Rd5
 32. Ke4  R8d7  33. g4
 g5  34. Rh1  R5d6
 35. h4  h6  36. hxg5
 hxg5  37. Rcc1  Bg7
 38. Rc4  Bf8  39. Rhc1
 Ke8  40. Rh1  Kf7
 41. Ra4  Rc6  42. Ra6
 Rc8  43. a4  Rb8
 44. Kf3  Rbb7  45. a5
 Kg7  46. axb6  axb6
 47. Ra8  Ra7  48. Rb8
 Ra6  49. Ke4  Ra2
 50. Kf3  Ra6  51. Bxg5
 fxg5  52. f6+  Kg8
 53. Ke4  Raa7  54. Kxe5
 Rh7  55. Rxh7  Rxh7
 56. Kf5  Rh2  57. e4
 Rf2+  58. Kg6  b5
 59. e5  c4  60. dxc4
 bxc4  61. e6  cxb3 62. f7+
 1-0

[Event "13th World University Championship - MEN"]
[Site "Katowice"]
[Date "2014.08.22"]
[Round "7"]
[White "Sikivou, Taione"]
[Black "Kobayashi, Atsuhiko"]
[Result "1/2-1/2"]
[LiveChessVersion "1.4.4"]
[BlackElo "2089"]
[WhiteElo "1817"]

1. e4  e5  2. Nf3  Nc6
 3. Bc4  Bc5  4. c3
 Nf6  5. d3  a6 
6. Bb3  O-O  7. O-O  d6
 8. h3  h6  9. Re1
 Ba7  10. Nbd2  Nh5
 11. Nf1  Qf6  12. Be3
 Nf4  13. Bxa7  Rxa7
 14. d4  Ne7  15. Ne3
 Re8  16. dxe5  dxe5
 17. Ng4  Bxg4  18. hxg4
 Raa8  19. Qd7  Rac8
 20. Rad1  g6  21. Qd2
 Nc6  22. g3  Rcd8
 23. Qe3  Nh3+  24. Kg2
 Ng5  25. Nxg5  hxg5
 26. Bd5  Rd6  27. Rd3
 Ne7  28. Qc5  Nxd5
 29. exd5  Qd8  30. c4
 Qd7  31. f3  e4 
32. fxe4  Qxg4  33. Qd4  Rd7
 34. Rde3  f5  35. Qf6
 Rd6  36. Qd4  Rd7
 37. Qf6  Rd6  1/2-1/2

[Event "13th World University Championship - MEN"]
[Site "Katowice"]
[Date "2014.08.22"]
[Round "7"]
[White "Katsuta, Yuki"]
[Black "Tanaka, Toshiki"]
[Result "0-1"]
[LiveChessVersion "1.4.4"]
[BlackElo "1848"]
[WhiteElo "1917"]

1. e3  c5  2. f4  Nc6
 3. Nf3  Nf6  4. c3
 d5  5. d4  e6 
6. Bd3  Be7  7. O-O  O-O
 8. Ne5  Ne4  9. Nd2
 Nxe5  10. fxe5  f5
 11. Bxe4  fxe4  12. Qg4
 Bd7  13. Nb3  b6
 14. Bd2  Qc7  15. Rxf8+
 Rxf8  16. Rc1  a5
 17. Be1  a4  18. Nd2
 cxd4  19. exd4  Qd8
 20. Nf1  Bg5  21. Rc2
 e3  22. h4  Bh6 
23. Ng3  Rf4  24. Qd1  Qxh4
 25. Nh5  Rf1+  26. Kxf1
 Qh1+  27. Ke2  Qxh5+
 0-1

[Event "13th World University Championship - MEN"]
[Site "Katowice"]
[Date "2014.08.22"]
[Round "7"]
[White "Bornheim, Darren"]
[Black "Frijde, Joel"]
[Result "1-0"]
[LiveChessVersion "1.4.4"]
[BlackElo "1696"]
[WhiteElo "1792"]

1. d4  f5  2. c4  Nf6
 3. Nc3  g6  4. g3
 Bg7  5. Bg2  O-O
 6. Nf3  d6  7. Qb3
 Kh8  8. O-O  Nbd7
 9. Ng5  e5  10. Ne6
 Qe7  11. Nxf8  Qxf8
 12. dxe5  Nxe5  13. Nd5
 Nxd5  14. cxd5  Qe7
 15. Bd2  Nd7  16. Bc3
 Ne5  17. Rac1  c5
 18. dxc6  Nxc6  19. Bxg7+
 Kxg7  20. Bxc6  bxc6
 21. Rxc6  Bb7  22. Qc3+
 Kg8  23. Rc7 1-0

[Event "13th World University Championship - MEN"]
[Site "Katowice"]
[Date "2014.08.22"]
[Round "7"]
[White "Hardwarsingh, Vishay"]
[Black "Malgie, Avikaar"]
[Result "1/2-1/2"]
[LiveChessVersion "1.4.4"]
[BlackElo "1829"]
[WhiteElo "1596"]

1. e4  e5  2. Bc4  Nc6
 3. Nf3  Bc5  4. d3
 Nf6  5. Bg5  d6 
6. Nc3  Na5  7. Bb3  Nxb3
 8. axb3  a6  9. h3
 h6  10. Bh4  g5 
11. Bg3  Nh5  12. Ne2  Be6
 13. d4  exd4  14. Nexd4
 Nxg3  15. Nxe6  fxe6
 16. fxg3  Qe7  17. Nd4
 O-O-O  18. Qd3  Qf6
 19. O-O-O  Qxd4  20. Qxd4
 Bxd4  21. Rxd4  Rdf8
 22. Rdd1  Rf7  23. Rdf1
 Rhf8  24. Rxf7  Rxf7
 25. Rd1  Rf2  26. Rd2
 Rf1+  27. Rd1  Rf2
 28. Rd2  Rf1+  29. Rd1
 Rxd1+  30. Kxd1  Kd7
 31. Ke2  e5  32. Kf3
 h5  33. g4  h4 
34. g3  hxg3  35. Kxg3  Ke6
 1/2-1/2

[Event "13th World University Championship - MEN"]
[Site "Katowice"]
[Date "2014.08.23"]
[Round "8"]
[White "Yu, Ruiyuan"]
[Black "Shimanov, Aleksandr"]
[Result "1/2-1/2"]
[LiveChessVersion "1.4.4"]
[BlackElo "2625"]
[WhiteElo "2534"]

1. e4  Nf6  2. e5  Nd5
 3. d4  d6  4. Nf3
 dxe5  5. Nxe5  c6
 6. Be2  Bf5  7. O-O
 Nd7  8. Nf3  e6 
9. c4  N5f6  10. Nc3  Ne4
 11. Bd3  Nxc3  12. bxc3
 Bxd3  13. Qxd3  Bd6
 14. Ng5  Nf6  15. Re1
 O-O  16. Qh3  Re8
 17. c5  Bf8  18. Bf4
 b6  19. cxb6  axb6
 20. a4  h6  21. Nf3
 b5  22. axb5  Rxa1
 23. Rxa1  cxb5  24. Rb1
 Qd5  25. Nd2  Qc6
 26. Qf3  Nd5  27. Rc1
 Rc8  28. c4  Ba3
 29. Rc2  Nb4  30. Rc3
 Qxf3  31. Nxf3  Ra8
 32. Kf1  bxc4  33. Bd6
 Nc2  34. Bf4  Nb4
 35. Bd6  Nc2  1/2-1/2

[Event "13th World University Championship - MEN"]
[Site "Katowice"]
[Date "2014.08.23"]
[Round "8"]
[White "Bukavshin, Ivan"]
[Black "Tomczak, Jacek"]
[Result "1-0"]
[LiveChessVersion "1.4.4"]
[BlackElo "2562"]
[WhiteElo "2603"]

1. d4  d5  2. c4  dxc4
 3. e3  e5  4. Bxc4
 exd4  5. exd4  Nf6
 6. Nf3  Be7  7. O-O
 O-O  8. Nc3  Nbd7
 9. Re1  Nb6  10. Bb3
 c6  11. Bg5  Nbd5
 12. Nxd5  cxd5  13. Ne5
 Be6  14. Nd3  h6
 15. Bh4  Qd7  16. f3
 Rac8  17. Bf2  b6
 18. Ne5  Qc7  19. Ng6
 Bd6  20. Nxf8  Bxh2+
 21. Kh1  Rxf8  22. Rc1
 Qd6  23. Qd3  Bf4
 24. Rc3  g6  25. Ba4
 Kg7  26. Rc6  Qd8
 27. Rcxe6  fxe6  28. Rxe6
 Kf7  29. Rc6  Bd6
 30. g3  Qd7  31. g4
 Kg7  32. Bg3  Ne4
 33. Bh4  Ng5  34. Rxb6
 Qe7  35. Bc2  axb6
 36. Qxg6+  Kh8  37. Qxh6+
 Kg8  38. Bb3  Qh7
 39. Qxg5+  Kh8  40. Kg2
 Bf4  41. Qe7  Qxe7
 42. Bxe7  Re8  43. Bf6+
 Kh7  44. Kf1  Kg6
 45. Bh4  Be3  46. Bf2
 Kg5  47. Bxd5  Bxf2
 48. Kxf2  Rd8  49. Be4
 Rxd4  50. Ke3  Rd7
 51. a4  Ra7  52. b3
 Ra5  53. Bf5  Re5+
 54. Be4  Rc5  55. Kd4
 Kf4  56. b4  Rc1
 57. Kd5  Rc8  58. Kd6
 Rc4  59. b5  Rxa4
 60. Kc6  Ke5  61. Kxb6
 Kd6  62. g5  Ra1
 63. g6  Rf1  64. Ka7
 Ra1+  65. Kb7  Ra5
 66. b6  Re5  67. Ka6
 Rg5  68. Ka7  Ra5+
 69. Kb8  1-0

[Event "13th World University Championship - MEN"]
[Site "Katowice"]
[Date "2014.08.23"]
[Round "8"]
[White "Grigoryan, Karen H."]
[Black "Bernasek, Jan"]
[Result "1-0"]
[LiveChessVersion "1.4.4"]
[BlackElo "2536"]
[WhiteElo "2595"]

1. d4  Nf6  2. c4  e6
 3. Nc3  Bb4  4. f3
 c5  5. d5  O-O 
6. e4  Re8  7. Nge2  d6
 8. Bd2  exd5  9. cxd5
 Nbd7  10. Ng3  a6
 11. a4  Rb8  12. Be2
 Ne5  13. O-O  Bd7
 14. f4  Ng6  15. f5
 Nf8  16. Bf4  c4
 17. Bxc4  Bxc3  18. bxc3
 Nxe4  19. Qd4  Nxg3
 20. Bxg3  Qf6  21. Qxf6
 gxf6  22. Bxd6  Rbc8
 23. Bd3  Re3  24. Rf3
 Rxf3  25. gxf3  Rxc3
 26. Be4  Be8  27. Kf2
 Nd7  28. Rg1+  Kh8
 29. a5  h6  30. Rb1
 Nc5  31. Bxc5  Rxc5
 32. Rxb7  Kg7  33. d6
 Bc6  34. Rc7  1-0

[Event "13th World University Championship - MEN"]
[Site "Katowice"]
[Date "2014.08.23"]
[Round "8"]
[White "Sjugirov, Sanan"]
[Black "Klekowski, Maciej"]
[Result "1-0"]
[LiveChessVersion "1.4.4"]
[BlackElo "2383"]
[WhiteElo "2658"]

1. e4  c5  2. Nf3  e6
 3. c3  Nf6  4. e5
 Nd5  5. d4  cxd4
 6. cxd4  Nc6  7. Bc4
 Nb6  8. Bd3  Nb4
 9. Nc3  Nxd3+  10. Qxd3
 Be7  11. h4  d5 
12. exd6  Bxd6  13. Qe4  O-O
 14. O-O  Nd5  15. Bg5
 Qa5  16. Bd2  Nf6
 17. Qd3  Qh5  18. Rfe1
 Bd7  19. Bg5  Bc6
 20. Ne5  Bxe5  21. dxe5
 Nd5  22. Ne2  Qg4
 23. Qd4  Qf5  24. Ng3
 Qg6  25. Re4  h6
 26. Bd2  Qh7  27. Rg4
 f5  28. exf6  Nxf6
 29. Rf4  Rad8  30. Qe3
 Rf7  31. Rd4  Rxd4
 32. Qxd4  Ne4  33. Nxe4
 Bxe4  34. Re1  Bd5
 35. Bf4  Qf5  36. Bg3
 a6  37. a3  Qc2 
38. Kh2  Qc6  39. Rg1  Qc2
 40. Rd1  Rd7  41. Qd2
 Qe4  42. f3  Qf5
 43. Qc3  Bc6  44. Re1
 Kf7  45. Re5  Qd3
 46. Qe1  Qb3  47. Qc1
 Rd4  48. Re2  Qd3
 49. Qe1  Qb3  50. Be5
 Rd7  51. Qg3  Kg8
 52. Rd2  Bd5  53. Rd4
 h5  54. Qg6  Qe3
 55. Qe8+  Kh7  56. Qxh5+
 Qh6  57. Qg4  Rf7
 58. Qg3  Bc6  59. Rg4
 Bd5  60. Rg5  Kg8
 61. Kg1  Kf8  62. Bc3
 Kg8  63. Rg6  Qh7
 64. h5  Qxh5  65. Rxg7+
 Kf8  66. Qd6+  1-0

[Event "13th World University Championship - MEN"]
[Site "Katowice"]
[Date "2014.08.23"]
[Round "8"]
[White "Nenezic, Marko"]
[Black "Andriasian, Zaven"]
[Result "0-1"]
[LiveChessVersion "1.4.4"]
[BlackElo "2628"]
[WhiteElo "2430"]

1. d4  Nf6  2. c4  c5
 3. d5  b5  4. cxb5
 a6  5. Nc3  axb5
 6. e4  b4  7. Nb5
 d6  8. a4  g6 
9. Bd3  Bg7  10. Qc2  O-O
 11. Nf3  Ba6  12. O-O
 Nxe4  13. Bc4  Nf6
 14. Bg5  Nbd7  15. Rfe1
 Nb6  16. Rad1  Nxc4
 17. Qxc4  Qd7  18. b3
 Rab8  19. Bxf6  Bxf6
 20. g4  Rfe8  21. g5
 Bc3  22. Re3  Bxb5
 23. axb5  Rxb5  24. Rdd3
 Ra5  25. Qh4  e6
 26. Nd2  exd5  27. Nf1
 Ra1  28. Kg2  Raa8
 29. Rh3  h5  30. gxh6
 Re4  31. h7+  Kh8
 32. Qh6  Bg7  33. Qd2
 d4  34. Rhf3  Rae8
 35. Ng3  Rh4  36. Nf1
 Kxh7  37. h3  Kg8
 38. Qc2  Qc6  39. Qa2
 Ra8  40. Qe2  Re4
 41. Qc2  d5  42. Ng3
 Re1  43. Qd2  Rae8
 44. Qf4  Qd7  45. h4
 R1e4  46. Qg5  Rg4
 47. Qc1  Rxh4  0-1